| 000 | 00702cam a2200241 4500 | ||
|---|---|---|---|
| 001 | ABS62001 | ||
| 008 | 000000n2000 000 0 eng u | ||
| 035 | _a(Sirsi) u104445 | ||
| 100 | _aHood, G. | ||
| 245 | _aMore tussles from Brussels | ||
| 260 | _c2000 | ||
| 490 |
_aEstates Gazette _v0006 12 February 2000 153-155(2) |
||
| 520 | _aReports on the replacement for gap funding which leaves questions unanswered. | ||
| 590 | _aABS | ||
| 650 | _aEUROPEAN COMMISSION | ||
| 650 | _aENGLISH PARTNERSHIPS | ||
| 650 | _aPARTNERSHIP INVESTMENT PROGRAMME | ||
| 650 | _aREGIONAL DEVELOPMENT AGENCIES | ||
| 650 | _aREGIONS | ||
| 650 | _aSTRUCTURAL FUNDS | ||
| 690 | _aREGENERATION | ||
| 942 | _n0 | ||
| 999 |
_c62663 _d62663 |
||